[Event "DEM U16w 2000"]
[Site "Überlingen GER"]
[Date "2000.06.06"]
[Round "4"]
[White "Ramming, Susanne"]
[Black "Gorodetskaja, Ewgenija"]
[Result "0-1"]
[Termination "normal"]
[Board "10"]
[WhiteElo "1207"]
[BlackElo "1029"]
[PlyCount "120"]
[EventCountry "GER"]
[EventRounds "9"]
[EventType "swiss"]
[EventDate "2000.06.03"]

1. e4 c5 2. Bc4 e6 3. Nc3 Nc6 4. Nf3 b6 5. O-O Nf6 6. d3 d5 7. exd5 exd5 8. Bb5
Bd7 9. Bxc6 Bxc6 10. Bg5 Be7 11. Re1 O-O 12. Ne2 Qd6 13. d4 Rfe8 14. dxc5 bxc5
15. Ng3 Qc7 16. c3 h6 17. Bxf6 Bxf6 18. Rxe8+ Rxe8 19. Qd2 Qc8 20. Re1 Rxe1+
21. Nxe1 d4 22. cxd4 cxd4 23. Nh5 Be5 24. f4 Qg4 25. fxe5 Qxh5 26. Qxd4 Qe2 27.
Qd8+ Kh7 28. Qd3+ Qe4 29. Qxe4+ Bxe4 30. Kf2 Kg6 31. Nf3 Kf5 32. Ke3 Bxf3 33.
gxf3 Kxe5 34. b4 Kd5 35. Kd3 g5 36. a4 f5 37. a5 a6 38. h3 h5 39. b5 axb5 40.
Ke3 b4 41. Kd3 g4 42. fxg4 fxg4 43. hxg4 hxg4 44. a6 Kc6 45. Kc4 Kb6 46. Kxb4
g3 47. Kc3 g2 48. a7 Kxa7 49. Kc4 g1=Q 50. Kc3 Qg4 51. Kd3 Qf4 52. Kc3 Qe4 53.
Kb3 Qd4 54. Ka3 Qc4 55. Kb2 Qd3 56. Kc1 Qe2 57. Kb1 Kb6 58. Ka1 Kb5 59. Kb1 Kc4
60. Ka1 Qd2 0-1

[Event "DEM U16w 2000"]
[Site "Überlingen GER"]
[Date "2000.06.06"]
[Round "4"]
[White "Rönsch, Kerstin"]
[Black "Beuckmann, Kristin"]
[Result "1/2-1/2"]
[Termination "normal"]
[Board "11"]
[WhiteElo "1299"]
[BlackElo "823"]
[PlyCount "119"]
[EventCountry "GER"]
[EventRounds "9"]
[EventType "swiss"]
[EventDate "2000.06.03"]

1. e4 c5 2. Nc3 d6 3. f4 Nc6 4. Nf3 e6 5. Be2 Bd7 6. d3 g6 7. O-O Bg7 8. Qe1
Nge7 9. Nh4 O-O 10. Bg4 f5 11. exf5 exf5 12. Be2 Nc8 13. Nf3 Re8 14. Qf2 Nd4
15. Bd1 Nxf3+ 16. Qxf3 Bc6 17. Qg3 Qb6 18. Kh1 Ne7 19. Bf3 Kh8 20. Bxc6 Qxc6
21. Nd1 Ng8 22. c3 Re7 23. Be3 Rae8 24. Re1 Nf6 25. h3 Nd5 26. Bd2 Rxe1+ 27.
Bxe1 Nxf4 28. Nf2 Nh5 29. Qf3 Qxf3 30. gxf3 Re3 31. Kg2 Nf4+ 32. Kg3 Nxd3 33.
Nxd3 Rxd3 34. Bf2 Be5+ 35. Kg2 Rd2 36. Rb1 Bf4 37. Kf1 Kg7 38. Ke1 a6 39. a3
Kf6 40. Bg3 Bh6 41. Rd1 Rxd1+ 42. Kxd1 f4 43. Bf2 Ke5 44. c4 b5 45. b3 Bf8 46.
Kd2 d5 47. Kd3 h5 48. Bh4 d4 49. Bg5 Kf5 50. h4 Bg7 51. Be7 Bf6 52. Bxc5 g5 53.
Bxd4 Bxd4 54. Kxd4 bxc4 55. bxc4 gxh4 56. c5 h3 57. c6 h2 58. c7 h1=Q 59. c8=Q+
Kg5 60. Qd8+ 1/2-1/2

[Event "DEM U16w 2000"]
[Site "Überlingen GER"]
[Date "2000.06.06"]
[Round "4"]
[White "Thiery, Jennifer"]
[Black "Hönecke, Judith"]
[Result "1/2-1/2"]
[Termination "normal"]
[Board "12"]
[WhiteElo "1093"]
[BlackElo "1149"]
[PlyCount "120"]
[BlackFideId "4696328"]
[EventCountry "GER"]
[EventRounds "9"]
[EventType "swiss"]
[EventDate "2000.06.03"]

1. e4 c5 2. Nf3 d6 3. d4 cxd4 4. Nxd4 Nf6 5. Nc3 a6 6. g3 b5 7. Bg2 Bb7 8. Qd3
Nbd7 9. b4 Ne5 10. Qe2 e6 11. O-O Be7 12. a3 Qc7 13. Nd1 Rc8 14. Ra2 Qc4 15. c3
O-O 16. Qxc4 Rxc4 17. f3 d5 18. Bf4 Nfd7 19. Bxe5 Nxe5 20. f4 Nd7 21. Re1 dxe4
22. Bxe4 Bxe4 23. Rxe4 Bf6 24. Rd2 e5 25. fxe5 Nxe5 26. Rde2 h6 27. Kg2 Nc6 28.
Nxc6 Rxc6 29. Rc2 Rd8 30. Rc1 Rd3 31. Re8+ Kh7 32. Ra8 Bg5 33. Rb1 Rcd6 34. Nf2
Rxc3 35. Ne4 Rc2+ 36. Kh3 Rdc6 37. Nc5 Rc3 38. Ra1 Bc1 39. a4 bxa4 40. Rxa4 Rb6
41. Nxa6 Rb3 42. Ra7 Kg6 43. Rc7 Bd2 44. Rc4 Rc3 45. Rxc3 Bxc3 46. Kg4 Kf6 47.
Kf4 g6 48. Ke4 Ke6 49. Kd3 Be5 50. Kc4 Bd6 51. Nc5+ Ke7 52. Ra7+ Ke8 53. b5 Bb8
54. Ra6 Rxa6 55. bxa6 Kd8 56. Kd5 Kc7 57. Kd4 Kc6 58. Kc4 Ba7 59. Nb7 Kb6 60.
Nd6 Kxa6 1/2-1/2

[Event "DEM U16w 2000"]
[Site "Überlingen GER"]
[Date "2000.06.06"]
[Round "5"]
[White "Schulte, Stefanie"]
[Black "Mietzner, Tina"]
[Result "0-1"]
[Termination "normal"]
[Board "1"]
[WhiteElo "2115"]
[BlackElo "2105"]
[PlyCount "96"]
[WhiteFideId "4658000"]
[BlackFideId "4655524"]
[EventCountry "GER"]
[EventRounds "9"]
[EventType "swiss"]
[EventDate "2000.06.03"]

1. e4 e5 2. Nf3 Nf6 3. Nc3 d6 4. d4 exd4 5. Nxd4 Be7 6. Bd3 a6 7. a4 c5 8. Nde2
Nc6 9. f4 Be6 10. b3 Nb4 11. f5 Nxd3+ 12. cxd3 Bd7 13. Bb2 Bc6 14. Nf4 b5 15.
axb5 axb5 16. O-O O-O 17. Qf3 Qb6 18. Nce2 Rxa1 19. Rxa1 Ra8 20. Qf1 Qb7 21.
Rb1 Ra6 22. Bc3 Qa7 23. Kh1 Ra3 24. b4 c4 25. dxc4 Bxe4 26. Re1 bxc4 27. Bxf6
Bxf6 28. Ng3 Bc6 29. Qxc4 Ra1 30. Rc1 Qd4 31. Qc2 Qxb4 32. Nd3 Qc3 33. Qxc3
Bxc3 34. Rxa1 Bxa1 35. Nb4 Bb7 36. Kg1 Kf8 37. Kf2 Bd4+ 38. Kf1 Ke7 39. Ne2 Bc5
40. Nd3 Ba6 41. Ndf4 Kf6 42. g4 Kg5 43. h3 Bxe2+ 44. Nxe2 h5 45. gxh5 Kxf5 46.
Kg2 Kg5 47. Ng3 d5 48. Kf3 Bd6 0-1

[Event "DEM U16w 2000"]
[Site "Überlingen GER"]
[Date "2000.06.06"]
[Round "5"]
[White "Fey, Franziska"]
[Black "Czäczine, Anne"]
[Result "0-1"]
[Termination "normal"]
[Board "2"]
[WhiteElo "1734"]
[BlackElo "1787"]
[PlyCount "68"]
[WhiteFideId "4672992"]
[BlackFideId "4679326"]
[EventCountry "GER"]
[EventRounds "9"]
[EventType "swiss"]
[EventDate "2000.06.03"]

1. d4 Nf6 2. c4 g6 3. Nc3 Bg7 4. e4 d6 5. Nf3 O-O 6. Be2 e5 7. d5 Nh5 8. g3 f5
9. exf5 Bxf5 10. Ng5 Nf6 11. g4 Bd7 12. Nge4 Na6 13. Be3 b6 14. f3 Nc5 15. Bxc5
bxc5 16. Bd3 Bh6 17. O-O Nxe4 18. Nxe4 Be3+ 19. Kh1 Qh4 20. Qe1 Qh6 21. a3 a5
22. b3 Qf4 23. Rb1 g5 24. Qe2 Rfb8 25. Rfe1 Bd4 26. Qg2 h6 27. Qh3 Kg7 28. Ng3
Qxf3+ 29. Qg2 Qxd3 30. Nh5+ Kh8 31. Rf1 Rf8 32. Rbd1 Qg6 33. Rf3 e4 34. Rxf8+
Rxf8 0-1

[Event "DEM U16w 2000"]
[Site "Überlingen GER"]
[Date "2000.06.06"]
[Round "5"]
[White "Schlosberg, Elisabeth"]
[Black "Häcker, Sonja"]
[Result "1-0"]
[Termination "normal"]
[Board "3"]
[WhiteElo "2040"]
[BlackElo "1798"]
[PlyCount "81"]
[WhiteFideId "4659228"]
[BlackFideId "4680928"]
[EventCountry "GER"]
[EventRounds "9"]
[EventType "swiss"]
[EventDate "2000.06.03"]

1. e4 c5 2. Nc3 Nc6 3. d3 d6 4. g3 g6 5. Bg2 Bg7 6. Be3 e6 7. Qd2 Rb8 8. Nf3
Nd4 9. Bxd4 cxd4 10. Nb5 e5 11. Qb4 Ke7 12. Nxa7 Bd7 13. Nb5 Bc6 14. a4 Nh6 15.
Nd2 f5 16. O-O Rf8 17. Nc4 Bxb5 18. Qxb5 f4 19. Bh3 g5 20. f3 Ng8 21. Nb6 Nf6
22. Qb3 Qc7 23. Rac1 h5 24. Bf5 Rh8 25. c3 Qd8 26. cxd4 exd4 27. Qe6+ Kf8 28.
Nc8 Rh6 29. Nxd6 Qe7 30. Rc8+ Rxc8 31. Qxc8+ Ne8 32. Nxe8 Qxe8 33. Qc5+ Qe7 34.
Qc8+ Qe8 35. Qxb7 Qd8 36. Rc1 Rb6 37. Qa7 Rxb2 38. Rc8 Rb1+ 39. Kf2 Rb2+ 40.
Ke1 Rb1+ 41. Kd2 1-0

[Event "DEM U16w 2000"]
[Site "Überlingen GER"]
[Date "2000.06.06"]
[Round "5"]
[White "Diebig, Maja"]
[Black "Ebner, Leah"]
[Result "1/2-1/2"]
[Termination "normal"]
[Board "4"]
[WhiteElo "1614"]
[BlackElo "1425"]
[PlyCount "119"]
[EventCountry "GER"]
[EventRounds "9"]
[EventType "swiss"]
[EventDate "2000.06.03"]

1. d4 d5 2. c4 e6 3. Nc3 Nf6 4. cxd5 exd5 5. Bg5 Be6 6. e3 Be7 7. Bd3 Nc6 8. a3
Qd7 9. b4 a6 10. Qc2 h6 11. Bh4 O-O 12. Nf3 Rfe8 13. O-O Bg4 14. Nd2 Qe6 15.
Nb3 Nd7 16. Bxe7 Rxe7 17. Nc5 Nxc5 18. bxc5 Qd7 19. Qb3 Na5 20. Qxd5 Qxd5 21.
Nxd5 Rd7 22. Nb4 Nb3 23. Ra2 a5 24. c6 axb4 25. cxd7 Bxd7 26. Bc2 Be6 27. Bxb3
Bxb3 28. Raa1 bxa3 29. Rfc1 c6 30. Rcb1 Bc2 31. Rxb7 a2 32. h3 Bb1 33. Rb6 Rc8
34. Raxb1 axb1=Q+ 35. Rxb1 Kf8 36. Rc1 Ke7 37. Kf1 Kd6 38. Ke2 Rc7 39. Kd3 c5
40. dxc5+ Rxc5 41. Rxc5 Kxc5 42. Ke4 Kd6 43. h4 Ke6 44. g4 Kf6 45. Kd5 g6 46.
Ke4 Ke6 47. f3 f6 48. f4 f5+ 49. gxf5+ gxf5+ 50. Kd4 Kd6 51. e4 fxe4 52. Kxe4
Ke6 53. f5+ Kf6 54. Kf4 Kf7 55. Ke5 Ke7 56. h5 Kf7 57. f6 Kf8 58. Kf5 Ke8 59.
Ke5 Kf8 60. Kf4 1/2-1/2

[Event "DEM U16w 2000"]
[Site "Überlingen GER"]
[Date "2000.06.06"]
[Round "5"]
[White "Tröstrum, Tina"]
[Black "Schuler, Dorothea"]
[Result "0-1"]
[Termination "normal"]
[Board "5"]
[WhiteElo "1019"]
[BlackElo "1739"]
[PlyCount "84"]
[EventCountry "GER"]
[EventRounds "9"]
[EventType "swiss"]
[EventDate "2000.06.03"]

1. e4 c5 2. Nf3 Nc6 3. d4 cxd4 4. Nxd4 Nf6 5. f3 e5 6. Nb3 d6 7. Be3 Be6 8.
N1d2 Be7 9. Be2 O-O 10. O-O d5 11. exd5 Nxd5 12. Bf2 f5 13. Re1 Rf6 14. Bb5 Qc7
15. Bxc6 bxc6 16. Bg3 f4 17. Bf2 Rg6 18. Kh1 Rf8 19. Re2 Rf5 20. Ne4 Rh5 21.
Qe1 Rgh6 22. Qg1 Bd8 23. g4 fxg3 24. Bxg3 Qf7 25. Rf1 Bb6 26. Nbc5 Bh3 27. Rff2
Rf5 28. a3 Qh5 29. Qe1 Rxf3 30. Rxf3 Qxf3+ 31. Kg1 Qf8 32. b4 a5 33. Qf2 Qxf2+
34. Kxf2 axb4 35. axb4 Nxb4 36. Ke1 Bg4 37. Rd2 Ba5 38. Kf1 Nd5 39. Rd3 Bh3+
40. Kf2 Bc7 41. Na6 Bb6+ 42. Ke1 Bf5 0-1

[Event "DEM U16w 2000"]
[Site "Überlingen GER"]
[Date "2000.06.06"]
[Round "5"]
[White "Winnicki, Alice"]
[Black "Bartholomeyzik, Theresa"]
[Result "1-0"]
[Termination "normal"]
[Board "6"]
[WhiteElo "1644"]
[BlackElo "1269"]
[PlyCount "73"]
[WhiteFideId "4687990"]
[EventCountry "GER"]
[EventRounds "9"]
[EventType "swiss"]
[EventDate "2000.06.03"]

1. e4 d5 2. exd5 Qxd5 3. d4 e5 4. Be3 exd4 5. Qxd4 Nf6 6. Qh4 Be6 7. Nc3 Qf5 8.
Bd3 Qg4 9. Qxg4 Nxg4 10. Bf4 Bc5 11. Ne4 Bd4 12. Bxc7 Bxb2 13. Rb1 Be5 14. Rxb7
Nc6 15. f3 Ne3 16. Bb5 Bd7 17. Bxe5 Nxe5 18. Nd6+ Ke7 19. Nxf7 Kxf7 20. Bxd7
Rhd8 21. Ba4+ Kf8 22. Kf2 Nxc2 23. Ne2 Nd3+ 24. Kg3 Nc5 25. Rc7 Nxa4 26. Rxc2
Rd6 27. Rhc1 Nb6 28. Nf4 Rad8 29. Rc5 Kg8 30. R1c2 Rd2 31. Rc7 a5 32. Rxd2 Rxd2
33. Rb7 Nc4 34. Ne6 g6 35. Rg7+ Kh8 36. Rc7 Ne3 37. Rc8+ 1-0

[Event "DEM U16w 2000"]
[Site "Überlingen GER"]
[Date "2000.06.06"]
[Round "5"]
[White "Gorodetskaja, Ewgenija"]
[Black "Reiß, Rebekka"]
[Result "1/2-1/2"]
[Termination "normal"]
[Board "7"]
[WhiteElo "1029"]
[BlackElo "1388"]
[PlyCount "40"]
[EventCountry "GER"]
[EventRounds "9"]
[EventType "swiss"]
[EventDate "2000.06.03"]

1. d4 f5 2. h3 Nf6 3. g4 fxg4 4. hxg4 g6 5. Qd3 d6 6. Nf3 Nxg4 7. Ng5 Nf6 8.
Nxh7 Bf5 9. Nxf6+ Kf7 10. Qf3 Rxh1 11. Qxh1 exf6 12. Qxb7 Nd7 13. Bg2 Nb6 14.
c4 Rb8 15. Qxa7 Nxc4 16. Bd5+ Be6 17. Bxe6+ Kxe6 18. b3 Nb6 19. Nc3 c6 20. Be3
d5 1/2-1/2

[Event "DEM U16w 2000"]
[Site "Überlingen GER"]
[Date "2000.06.06"]
[Round "5"]
[White "Blodig, Carolin"]
[Black "Schwert, Karina"]
[Result "1-0"]
[Termination "normal"]
[Board "8"]
[WhiteElo "1476"]
[BlackElo "1348"]
[PlyCount "103"]
[WhiteFideId "4692012"]
[EventCountry "GER"]
[EventRounds "9"]
[EventType "swiss"]
[EventDate "2000.06.03"]

1. e4 c5 2. Nc3 d6 3. d3 Nf6 4. g3 a6 5. Bg2 Nc6 6. Be3 e6 7. f4 Be7 8. Nf3 Bd7
9. O-O Ng4 10. Bd2 e5 11. Nd5 exf4 12. Bxf4 Nce5 13. h3 Nxf3+ 14. Qxf3 Nf6 15.
Bg5 Rg8 16. Kh2 Be6 17. Nxf6+ Bxf6 18. Bxf6 Qxf6 19. Qxf6 gxf6 20. Rxf6 Ke7 21.
Rf4 Rg7 22. b3 Rag8 23. Rf3 h5 24. Re1 f6 25. c3 b5 26. Rc1 a5 27. d4 Rg5 28.
Re3 Rc8 29. d5 Bf7 30. h4 Re5 31. c4 b4 32. Rf1 Bg6 33. Bh3 Ra8 34. Bf5 Bxf5
35. Rxf5 a4 36. Kh3 axb3 37. axb3 Rg8 38. Rxe5+ fxe5 39. Rf3 Rh8 40. Rf5 Rh6
41. g4 hxg4+ 42. Kxg4 Rh8 43. h5 Rg8+ 44. Rg5 Rf8 45. h6 Rh8 46. Kh5 Rh7 47.
Kg6 Rh8 48. h7 Rf8 49. Kh6 Rf6+ 50. Rg6 Rf8 51. Rg7+ Kf6 52. Rg8 1-0

[Event "DEM U16w 2000"]
[Site "Überlingen GER"]
[Date "2000.06.06"]
[Round "5"]
[White "Brandt, Madeleine"]
[Black "Hauck, Kerstin Elisabeth"]
[Result "1-0"]
[Termination "normal"]
[Board "9"]
[WhiteElo "923"]
[BlackElo "1506"]
[PlyCount "121"]
[EventCountry "GER"]
[EventRounds "9"]
[EventType "swiss"]
[EventDate "2000.06.03"]

1. d4 d5 2. c4 dxc4 3. Nc3 Nc6 4. Nf3 e6 5. Bf4 Nf6 6. e4 Bb4 7. e5 Nd5 8. Bd2
Nb6 9. Be3 O-O 10. Be2 Na4 11. Qxa4 Bd7 12. Qc2 b5 13. O-O a6 14. a4 Ne7 15.
axb5 axb5 16. Nd2 Nf5 17. Qe4 h6 18. Bf3 Rb8 19. Ra2 Qe8 20. Rfa1 Qd8 21. Ra8
Rxa8 22. Rxa8 Qxa8 23. Qxa8 Rxa8 24. Bxa8 c6 25. Bf4 Nxd4 26. Kf1 Bxc3 27. bxc3
Nf5 28. Ne4 Kf8 29. Bc1 Ke8 30. Ba3 Kd8 31. Nd6 Nxd6 32. Bxd6 Be8 33. Ke2 Kd7
34. Ke3 f6 35. Kd4 Bg6 36. f3 Be8 37. Kc5 Kd8 38. Bxc6 b4 39. cxb4 c3 40. Be4
Ba4 41. Bf8 f5 42. Bd3 c2 43. Bxc2 Bxc2 44. Bxg7 h5 45. Kd6 Bb3 46. Bh6 Bc4 47.
Be3 Bd5 48. b5 Kc8 49. b6 Bc4 50. Ke7 Kb7 51. Kf6 Kc8 52. Kg5 Bf1 53. g4 hxg4
54. fxg4 Bh3 55. gxf5 Bxf5 56. h4 Kd7 57. h5 Be4 58. Kf6 Bf5 59. h6 Bh7 60. Kg7
Be4 61. h7 1-0

[Event "DEM U16w 2000"]
[Site "Überlingen GER"]
[Date "2000.06.06"]
[Round "5"]
[White "Lunz, Pia"]
[Black "Rönsch, Kerstin"]
[Result "1/2-1/2"]
[Termination "normal"]
[Board "10"]
[WhiteElo "1079"]
[BlackElo "1299"]
[PlyCount "107"]
[EventCountry "GER"]
[EventRounds "9"]
[EventType "swiss"]
[EventDate "2000.06.03"]

1. d4 d5 2. c4 e6 3. Nc3 Nf6 4. Bg5 Be7 5. e3 O-O 6. Nf3 h6 7. Bh4 b6 8. Be2
Bb7 9. O-O Nbd7 10. a3 Rc8 11. b4 c5 12. bxc5 bxc5 13. Qb3 Rb8 14. Qc2 Ba6 15.
cxd5 Bxe2 16. Nxe2 exd5 17. dxc5 Bxc5 18. Rfd1 g5 19. Bg3 Rc8 20. Qd3 Re8 21.
Nc3 Nb6 22. a4 a5 23. h4 Bb4 24. Ne2 Ne4 25. hxg5 Nxg3 26. Nxg3 hxg5 27. Qf5
Be7 28. Rd2 Qd7 29. Qxd7 Nxd7 30. Rxd5 g4 31. Nh2 Bf6 32. Rad1 Ne5 33. Rxa5
Rcd8 34. Rad5 Rxd5 35. Rxd5 Ra8 36. a5 Kf8 37. Nh5 Ke7 38. f4 gxf3 39. Nxf3 Nc4
40. Nxf6 Kxf6 41. e4 Rxa5 42. Rxa5 Nxa5 43. Kf2 Nc4 44. g4 Kg6 45. Kg3 f6 46.
Kf4 Nd6 47. Nh4+ Kf7 48. Nf5 Nc4 49. Ne3 Nd6 50. Nd5 Ne8 51. Nxf6 Kxf6 52. e5+
Kg6 53. g5 Nc7 54. Kg4 1/2-1/2

[Event "DEM U16w 2000"]
[Site "Überlingen GER"]
[Date "2000.06.06"]
[Round "5"]
[White "Hönecke, Judith"]
[Black "Ramming, Susanne"]
[Result "1-0"]
[Termination "normal"]
[Board "11"]
[WhiteElo "1149"]
[BlackElo "1207"]
[PlyCount "99"]
[WhiteFideId "4696328"]
[EventCountry "GER"]
[EventRounds "9"]
[EventType "swiss"]
[EventDate "2000.06.03"]

1. e4 e6 2. d4 d5 3. Nc3 Bb4 4. Bd2 Bxc3 5. bxc3 dxe4 6. Qg4 Qf6 7. Qxe4 Qf5 8.
Qxf5 exf5 9. Bf4 c6 10. Nf3 Ne7 11. O-O-O O-O 12. Bd6 Re8 13. Re1 Be6 14. Bd3
g6 15. Ng5 Nd5 16. c4 Nb6 17. Re2 Na6 18. Rhe1 Bd7 19. Rxe8+ Rxe8 20. Rxe8+
Bxe8 21. c5 Nd5 22. Bxa6 bxa6 23. Bb8 Kg7 24. Bxa7 Nf4 25. Kd2 Nxg2 26. Bb8 Bd7
27. Ke2 h6 28. Nf3 f4 29. Ne5 Be6 30. a3 Bd5 31. c4 Be4 32. f3 Bf5 33. Nxc6 Nh4
34. Bxf4 g5 35. Be5+ f6 36. Bg3 Ng6 37. d5 Nf8 38. Ne7 Bc2 39. c6 Kf7 40. c7
Kxe7 41. c8=Q Kf7 42. c5 Bb3 43. Bd6 Bxd5 44. Qxf8+ Kg6 45. Be7 Kh5 46. Qxf6 a5
47. h4 Kxh4 48. Qxh6+ Kg3 49. Qxg5+ Kh3 50. Kf2 1-0

[Event "DEM U16w 2000"]
[Site "Überlingen GER"]
[Date "2000.06.06"]
[Round "5"]
[White "Beuckmann, Kristin"]
[Black "Thiery, Jennifer"]
[Result "1/2-1/2"]
[Termination "normal"]
[Board "12"]
[WhiteElo "823"]
[BlackElo "1093"]
[PlyCount "58"]
[EventCountry "GER"]
[EventRounds "9"]
[EventType "swiss"]
[EventDate "2000.06.03"]

1. c4 e5 2. Nc3 Nf6 3. g3 g6 4. Bg2 Bg7 5. Nf3 Nc6 6. d3 O-O 7. O-O d6 8. Bg5
Be6 9. Qd2 Qd7 10. Bh6 Bh3 11. Bxg7 Kxg7 12. Rab1 Bxg2 13. Kxg2 d5 14. cxd5
Nxd5 15. d4 exd4 16. Nxd4 Rad8 17. Nxc6 Qxc6 18. Kg1 Nxc3 19. Qxc3+ Qxc3 20.
bxc3 b6 21. Rfd1 Rfe8 22. e3 Kf6 23. Kg2 a5 24. Kf3 Ke5 25. Rb5+ Ke6 26. Rd4
Rd6 27. Kf4 Red8 28. Kg5 h5 29. Re4+ Kd7 1/2-1/2

[Event "DEM U16w 2000"]
[Site "Überlingen GER"]
[Date "2000.06.07"]
[Round "6"]
[White "Czäczine, Anne"]
[Black "Mietzner, Tina"]
[Result "0-1"]
[Termination "normal"]
[Board "1"]
[WhiteElo "1787"]
[BlackElo "2105"]
[PlyCount "88"]
[WhiteFideId "4679326"]
[BlackFideId "4655524"]
[EventCountry "GER"]
[EventRounds "9"]
[EventType "swiss"]
[EventDate "2000.06.03"]

1. e4 c5 2. Nf3 d6 3. d4 cxd4 4. Nxd4 Nf6 5. Nc3 a6 6. Bg5 e6 7. f4 Qb6 8. Nb3
Be7 9. Qf3 Qc7 10. O-O-O Nbd7 11. g4 b5 12. Bxf6 Bxf6 13. Ne2 Bb7 14. g5 Be7
15. Ng3 Rc8 16. Bd3 a5 17. Nd4 b4 18. Bb5 O-O 19. Bxd7 Qxd7 20. h4 Qa4 21. Kb1
d5 22. e5 Bc5 23. Nge2 Ba6 24. h5 Bc4 25. Nb3 Bxb3 26. Qxb3 Qxb3 27. axb3 Rc7
28. Nd4 Ra8 29. h6 a4 30. bxa4 Rxa4 31. Nb3 Be3 32. Rh4 Rc4 33. Rf1 Ra7 34. Rf3
Re4 35. hxg7 Kxg7 36. Nc1 Bxc1 37. Kxc1 Re2 38. b3 Ra2 39. Rfh3 Rexc2+ 40. Kb1
Rcb2+ 41. Kc1 Rf2 42. Rxh7+ Kf8 43. Kb1 Rae2 44. Rh1 Rxf4 0-1

[Event "DEM U16w 2000"]
[Site "Überlingen GER"]
[Date "2000.06.07"]
[Round "6"]
[White "Fey, Franziska"]
[Black "Schlosberg, Elisabeth"]
[Result "1/2-1/2"]
[Termination "normal"]
[Board "2"]
[WhiteElo "1734"]
[BlackElo "2040"]
[PlyCount "121"]
[WhiteFideId "4672992"]
[BlackFideId "4659228"]
[EventCountry "GER"]
[EventRounds "9"]
[EventType "swiss"]
[EventDate "2000.06.03"]

1. d4 Nf6 2. c4 e6 3. Nf3 d5 4. Nc3 Be7 5. Bg5 h6 6. Bh4 O-O 7. e3 b6 8. cxd5
Nxd5 9. Bxe7 Qxe7 10. Nxd5 exd5 11. Rb1 Bb7 12. b4 Nd7 13. Be2 a5 14. b5 c5 15.
bxc6 Bxc6 16. a4 Qa3 17. Bb5 Bxb5 18. Rxb5 Rac8 19. O-O Nf6 20. Ne5 Rc3 21.
Rxb6 Rfc8 22. Rb1 Ne4 23. Ra1 Qb2 24. Nd3 Qb6 25. Rb1 Qa6 26. Rb5 Ra3 27. Nc5
Nxc5 28. dxc5 Qa8 29. Qd4 Re8 30. Rc1 Qc6 31. Rb6 Qxa4 32. Qxa4 Rxa4 33. c6 Rc8
34. Kf1 Rc4 35. Rxc4 dxc4 36. Ke1 Kf8 37. Kd2 Ke7 38. Kc3 Kd6 39. Kxc4 Rxc6+
40. Rxc6+ Kxc6 41. e4 g5 42. f3 h5 43. g3 h4 44. f4 gxf4 45. gxf4 h3 46. e5 a4
47. f5 a3 48. Kb3 Kd5 49. e6 fxe6 50. f6 Kd6 51. Kxa3 e5 52. f7 Ke7 53. f8=Q+
Kxf8 54. Kb3 Kf7 55. Kc3 Kf6 56. Kd3 Kf5 57. Ke3 e4 58. Ke2 Kf4 59. Kf2 e3+ 60.
Ke2 Ke4 61. Ke1 1/2-1/2

[Event "DEM U16w 2000"]
[Site "Überlingen GER"]
[Date "2000.06.07"]
[Round "6"]
[White "Diebig, Maja"]
[Black "Schulte, Stefanie"]
[Result "0-1"]
[Termination "normal"]
[Board "3"]
[WhiteElo "1614"]
[BlackElo "2115"]
[PlyCount "60"]
[BlackFideId "4658000"]
[EventCountry "GER"]
[EventRounds "9"]
[EventType "swiss"]
[EventDate "2000.06.03"]

1. d4 f5 2. Bg5 d6 3. Nc3 g6 4. g3 Bg7 5. Bg2 Nf6 6. Nh3 c6 7. Qd2 O-O 8. O-O-O
Qa5 9. Kb1 e5 10. dxe5 dxe5 11. Bh6 Be6 12. Bxg7 Kxg7 13. Ng5 Bg8 14. h4 h6 15.
Nh3 Na6 16. f4 e4 17. Nf2 Rad8 18. Qe3 Nb4 19. a3 Nbd5 20. Nxd5 Rxd5 21. Bh3 h5
22. Rxd5 Qxd5 23. b3 Qa5 24. Kb2 c5 25. Rd1 Nd5 26. Qc1 Qc3+ 27. Ka2 Qxg3 28.
Rf1 Nc3+ 29. Ka1 Nxe2 30. Qd1 Nxf4 0-1

[Event "DEM U16w 2000"]
[Site "Überlingen GER"]
[Date "2000.06.07"]
[Round "6"]
[White "Häcker, Sonja"]
[Black "Winnicki, Alice"]
[Result "1-0"]
[Termination "normal"]
[Board "4"]
[WhiteElo "1798"]
[BlackElo "1644"]
[PlyCount "78"]
[WhiteFideId "4680928"]
[BlackFideId "4687990"]
[EventCountry "GER"]
[EventRounds "9"]
[EventType "swiss"]
[EventDate "2000.06.03"]

1. e4 e6 2. d4 d5 3. Nd2 dxe4 4. Nxe4 Nd7 5. Nf3 Ngf6 6. Ng3 c5 7. c3 Be7 8.
Bd3 O-O 9. O-O b6 10. Re1 cxd4 11. Nxd4 Nc5 12. Bc2 Qc7 13. b4 Ncd7 14. Nb5 Qc6
15. Qd3 Bb7 16. f3 Rfc8 17. Ne4 Bxb4 18. cxb4 Qxc2 19. Qxc2 Rxc2 20. Ned6 Bd5
21. a3 Nf8 22. Nd4 Rc7 23. Bf4 Rd7 24. h3 Ng6 25. Bh2 Ne8 26. Nxe8 Rxe8 27.
Rac1 Ba8 28. Nb5 Rd2 29. Red1 Ra2 30. Bg3 a6 31. Nc7 Rc8 32. Nxa6 Rxc1 33. Rxc1
Bb7 34. b5 Rxa3 35. Rc7 Bxa6 36. bxa6 h6 37. a7 Nf8 38. Bd6 Ra1+ 39. Kh2 Rd1
1-0

[Event "DEM U16w 2000"]
[Site "Überlingen GER"]
[Date "2000.06.07"]
[Round "6"]
[White "Schuler, Dorothea"]
[Black "Ebner, Leah"]
[Result "1/2-1/2"]
[Termination "normal"]
[Board "5"]
[WhiteElo "1739"]
[BlackElo "1425"]
[PlyCount "94"]
[EventCountry "GER"]
[EventRounds "9"]
[EventType "swiss"]
[EventDate "2000.06.03"]

1. e4 e5 2. Nf3 Nc6 3. Nc3 Nf6 4. Bb5 d6 5. d4 exd4 6. Nxd4 Bd7 7. Bxc6 Bxc6 8.
O-O Be7 9. Nxc6 bxc6 10. Re1 O-O 11. Bg5 Re8 12. Qf3 Nd7 13. Bxe7 Qxe7 14. h3
Rab8 15. b3 Rb4 16. Rad1 Qe5 17. Qe3 Re6 18. a3 Rb8 19. Nb1 Nb6 20. Nd2 Rbe8
21. a4 Rg6 22. Nf3 Qh5 23. Kh1 Nd5 24. Qd2 Nb6 25. e5 d5 26. Nd4 Nd7 27. f4 Nc5
28. Qe3 Ne4 29. Ne2 f6 30. Qxa7 Qh4 31. Rf1 Ng3+ 32. Nxg3 Qxg3 33. Rd2 fxe5 34.
f5 Rf8 35. Qxc7 Qc3 36. Rdf2 Rgf6 37. Kg1 e4 38. a5 e3 39. Re2 Rxf5 40. Rxf5
Rxf5 41. Qc8+ Rf8 42. Qe6+ Kh8 43. Qxe3 Qxa5 44. Qe7 Qb6+ 45. Kh2 Qb8+ 46. g3
h6 47. Kg2 Rf6 1/2-1/2

[Event "DEM U16w 2000"]
[Site "Überlingen GER"]
[Date "2000.06.07"]
[Round "6"]
[White "Reiß, Rebekka"]
[Black "Brandt, Madeleine"]
[Result "1/2-1/2"]
[Termination "normal"]
[Board "7"]
[WhiteElo "1388"]
[BlackElo "923"]
[PlyCount "79"]
[EventCountry "GER"]
[EventRounds "9"]
[EventType "swiss"]
[EventDate "2000.06.03"]

1. f4 e5 2. fxe5 d6 3. exd6 Bxd6 4. Nf3 g5 5. g3 g4 6. Nh4 Ne7 7. e4 Ng6 8. Nf5
Bxf5 9. exf5 Ne5 10. Bg2 h5 11. Bxb7 c6 12. Qe2 O-O 13. O-O Qb6+ 14. d4 Nf3+
15. Rxf3 gxf3 16. Qxf3 Qxb7 17. Qxh5 Qe7 18. Bh6 Qf6 19. Qg4+ Kh7 20. Bxf8 Bxf8
21. Nd2 Nd7 22. Nf3 Bh6 23. Re1 Rg8 24. Qe4 Bf8 25. Qh4+ Qxh4 26. Nxh4 Nb6 27.
Nf3 c5 28. Kg2 Bd6 29. dxc5 Bxc5 30. Ne5 f6 31. Nd3 Rc8 32. Nxc5 Rxc5 33. c3
Rxf5 34. Re7+ Kg6 35. Rxa7 Rd5 36. Ra3 Rd2+ 37. Kh3 Nc4 38. Rb3 Nxb2 39. Rb4
Nd1 40. Rd4 1/2-1/2

[Event "DEM U16w 2000"]
[Site "Überlingen GER"]
[Date "2000.06.07"]
[Round "6"]
[White "Schwert, Karina"]
[Black "Hönecke, Judith"]
[Result "0-1"]
[Termination "time forfeit"]
[Board "8"]
[WhiteElo "1348"]
[BlackElo "1149"]
[PlyCount "76"]
[BlackFideId "4696328"]
[EventCountry "GER"]
[EventRounds "9"]
[EventType "swiss"]
[EventDate "2000.06.03"]

1. d4 Nf6 2. c4 e6 3. Nc3 d5 4. Bg5 Nbd7 5. Nf3 c6 6. e3 Qa5 7. Nd2 Bb4 8. Qc2
dxc4 9. Bxf6 Nxf6 10. Bxc4 Qc7 11. a3 Bd6 12. h3 e5 13. dxe5 Bxe5 14. Rc1 O-O
15. O-O Bd7 16. Bd3 Qc8 17. Nf3 Bc7 18. Ne4 Nxe4 19. Bxe4 h6 20. Nh2 Re8 21.
Rce1 Re5 22. f4 Re7 23. Bf3 Bb6 24. Qe2 Qe8 25. Qd3 Bxe3+ 26. Kh1 Bxf4 27. Be4
Bxh2 28. Kxh2 f5 29. Qc4+ Kh8 30. Bxf5 Rxe1 31. Bxd7 Qxd7 32. Rxe1 Qd6+ 33. Kh1
Rd8 34. Qe2 Qd2 35. Qxd2 Rxd2 36. Re8+ Kh7 37. b4 Ra2 38. Re7 Rxa3 0-1